Quá trình phát triển giáo dục cách mạng ở Bình Dương (1945-1975)
Cơ quan chủ trì: Đại học Thủ Dầu Một
Đã lưu trong:
| 主要作者: | |
|---|---|
| 格式: | 圖書 |
| 語言: | Undetermined |
| 出版: |
Bình Dương
2014
|
| 主題: | |
| 在線閱讀: | http://lrc.tdmu.edu.vn/opac/search/detail.asp?aID=2&ID=35461 |
| 標簽: |
添加標簽
沒有標簽, 成為第一個標記此記錄!
|
| Thư viện lưu trữ: | Trung tâm Học liệu Trường Đại học Thủ Dầu Một |
|---|
| LEADER | 00781nam a2200193Ia 4500 | ||
|---|---|---|---|
| 001 | TDMU_35461 | ||
| 008 | 210410s9999 xx 000 0 und d | ||
| 082 | |a 335.4346 | ||
| 090 | |b NG527 | ||
| 100 | |a Nguyễn, Văn Hiệp | ||
| 245 | 0 | |a Quá trình phát triển giáo dục cách mạng ở Bình Dương (1945-1975) | |
| 245 | 0 | |c TS. Nguyễn Văn Hiệp | |
| 260 | |a Bình Dương | ||
| 260 | |c 2014 | ||
| 300 | |a 84tr | ||
| 520 | |a Cơ quan chủ trì: Đại học Thủ Dầu Một | ||
| 650 | |a Báo cáo khoa học; Giáo dục cách mạng |x Quá trình phát triển |z Bình Dương | ||
| 856 | |u http://lrc.tdmu.edu.vn/opac/search/detail.asp?aID=2&ID=35461 | ||
| 980 | |a Trung tâm Học liệu Trường Đại học Thủ Dầu Một | ||